| 000 | 00527nam a2200157 a 4500 | ||
|---|---|---|---|
| 001 | 000027449 | ||
| 005 | 20200930030836.0 | ||
| 008 | 110331s1980 dr 000 0 spa d | ||
| 040 |
_aDO-SdBNP _bspa _cBNPHU |
||
| 082 |
_axxxx _bA185e |
||
| 100 | 1 |
_aAcosta, Jose Ramón _92056 |
|
| 245 | 1 | 0 |
_aEstimación de la distribución de la radiación solar en la República Dominicana. / _cJose Ramón Acosta. |
| 260 |
_aSanto Domingo : _bComisión Nacional de Política Energética, _c1980. |
||
| 300 |
_a24 p. ; _c28 cm. |
||
| 049 | _aBNPD | ||
| 999 |
_c26941 _d26941 |
||